00876cam a2200229 a 4500999001500000001000500015003000900020005001700029008004100046020002700087020002600114040002800140082001900168245010300187260004900290300004100339504006400380650003300444650004000477942001200517952011700529 c2967d29672853BD-DhUAP20210130162730.0200301s1999 nyua b 001 0 eng  a0810943719 (hardcover) a0810929104 (AIC pbk.) aDLCcDLCdBD-DhUAPbEng00a720.74 PRI22304aThe Pritzker Architecture Prize :bthe first twenty years /cedited by Martha Thorne ... [et al.]. aNew York :bHarry N. Abrams in,Inc.,cc1999. a207 pages :billustrations ;c31 cm. aIncludes bibliographical references (p. 193-198) and index. 0aPritzker Architecture Prize. 0aArchitecture, Moderny20th century. 2ddccBK 00102ddc4070aUAPCLbUAPCLcGeneral Stacksd2020-03-01o720.74 PRIp3010002853r2020-03-01t1w2020-03-01yBK